000 00185 a2200097 4500
020 _a9788498200126
041 _aspa
100 _aAnonimo
245 _aGran Atlas Universal
942 _cBK
999 _c10647
_d10647